Familiada - Statystyki

Ogólne statystyki
  • Ten quiz został rozwiązany 234 razy
  • Średni wynik to 15 z 40
Statystyki odpowiedzi
PYTANIE ODPOWIEDZI % Poprawnych
Zwierzę na 3 litery kot
78%
Co przeważnie jest zielone? trawa
71%
lis
66%
kruk
63%
zakazu
63%
nakazu
62%
Jakie mamy rodzaje znaków drogowych? ostrzegawcze
58%
Ptak na literę K kura
57%
chińczyk
56%
lidl
56%
Popularne dyskonty w Polsce biedronka
55%
Popularne gry planszowe monopoly
55%
informacyjne
54%
liść
49%
kaczka
46%
koń
45%
Z czego możemy wróżyć? z kart
45%
kos
43%
kaufland
42%
lew
42%
z fusów
38%
carrefour
35%
kawka
34%
kukułka
34%
aldi
30%
z ręki
28%
byk
25%
jeż
19%
scrabble
19%
z wosku
18%
ogórek
17%
wałek
13%
Drewniane w kuchni chochla
10%
brokuł
9%
groszek
8%
łopatka
7%
stolnica
7%
tłuczek
6%
ze szklanej kuli
6%
kierunku i miejscowości
2%
Nie znaleziono quizów pasujących do podanych kryteriów
Rozkład punktacji
Procent ludzi z każdym wynikiem
Percentyl według liczby udzielonych odpowiedzi
Twoja historia wyników
Nie rozwiązałeś tego quizu